000 00368nam a2200145Ia 4500
008 230917s9999||||xx |||||||||||||| ||und||
040 _e77015
_aMAIN
041 _aEnglish
082 _a342.54 S19C
100 _aSaharay, H K
245 0 _aCases and materials on the constitution of India
260 _aBombay
_bN.M. Tripathi
_c1987
300 _a742 p.
942 _cBK
999 _c57642
_d57642